El código chino / (Registro nro. 8359)

Detalles MARC
000 -LEADER
fixed length control field 00677nam a22002537a 4500
001 - CONTROL NUMBER
control field 0074
003 - CONTROL NUMBER IDENTIFIER
control field DO-SdBNP
005 - DATE AND TIME OF LATEST TRANSACTION
control field 20180119132644.0
007 - PHYSICAL DESCRIPTION FIXED FIELD--GENERAL INFORMATION
fixed length control field 0074
008 - FIXED-LENGTH DATA ELEMENTS--GENERAL INFORMATION
fixed length control field 151009b sp 1986 ||||| |||| 00| 0 spa d
020 ## - INTERNATIONAL STANDARD BOOK NUMBER
International Standard Book Number 8427233086
040 ## - CATALOGING SOURCE
Original cataloging agency BPMSU
Language of cataloging spa
Transcribing agency BPMSU
092 ## - LOCALLY ASSIGNED DEWEY CALL NUMBER (OCLC)
Classification number xxxx
Item number xxxx
100 1# - MAIN ENTRY--PERSONAL NAME
Personal name Jordan, G. P.
245 13 - TITLE STATEMENT
Title El código chino /
Statement of responsibility, etc. G.P. Jordan ; traducción C. Peraire.
260 ## - PUBLICATION, DISTRIBUTION, ETC. (IMPRINT)
Place of publication, distribution, etc. Barcelona, España :
Name of publisher, distributor, etc. Molino,
Date of publication, distribution, etc. 1986
300 ## - PHYSICAL DESCRIPTION
Extent 168 p. :
Other physical details il.,
Dimensions 20 cm.
490 1# - SERIES STATEMENT
Series statement Micro-expertos
Volume/sequential designation 8
700 12 - ADDED ENTRY--PERSONAL NAME
Personal name Peraire, C.,
Relator term tr.
830 #0 - SERIES ADDED ENTRY--UNIFORM TITLE
Uniform title Micro-expertos
Number of part/section of a work 8
942 ## - ADDED ENTRY ELEMENTS (KOHA)
Source of classification or shelving scheme Dewey Decimal Classification
Koha item type Libros
945 ## - LOCAL PROCESSING INFORMATION (OCLC)
a Inventariado, 2018/LP
956 ## - LOCAL ELECTRONIC LOCATION AND ACCESS (OCLC)
Host name Brenda Tavárez
Access number 10
Existencias
Withdrawn status Lost status Source of classification or shelving scheme Damaged status Not for loan Collection code Home library Current library Date acquired Source of acquisition Total Checkouts Barcode Date last seen Price effective from Koha item type
    Dewey Decimal Classification     Colección General Biblioteca Pública Metropolitana Salomé Ureña Biblioteca Pública Metropolitana Salomé Ureña 10/09/2015 Donación   BPMSU15100081 10/09/2015 10/09/2015 Libros